Statistics for Countries of Africa With A Different Type Of An Empty Map

Click here to take the quiz!

General Stats

  • This quiz has been taken 91 times
  • The average score is 49 of 54

Answers on the Map

Answers color-coded by a green-red scale on the quiz's map according to % correct below.
 

Answer Stats

Country% Correct
Algeria
96%
Egypt
96%
Libya
95%
Morocco
95%
Mozambique
94%
South Africa
94%
Zambia
94%
Zimbabwe
94%
Chad
93%
Ethiopia
93%
Kenya
93%
Madagascar
93%
Namibia
93%
Niger
93%
Nigeria
93%
Rwanda
93%
Somalia
93%
Tanzania
93%
Tunisia
93%
Uganda
93%
Angola
91%
D. R. Congo
91%
Eritrea
91%
Ivory Coast
91%
Liberia
91%
Mali
91%
Rep. of the Congo
91%
Sudan
91%
Botswana
90%
Cape Verde
90%
Central African
Republic
90%
Ghana
90%
Lesotho
90%
Mauritania
90%
Senegal
90%
Seychelles
90%
South Sudan
90%
Benin
89%
Cameroon
89%
Djibouti
89%
Guinea
89%
Malawi
89%
São Tomé and
Príncipe
89%
Togo
89%
Burundi
88%
Comoros
88%
Equatorial Guinea
88%
Eswatini
88%
Gabon
88%
Mauritius
88%
Sierra Leone
88%
Burkina Faso
87%
Gambia
87%
Guinea-Bissau
85%

Score Distribution

Percentile by Number Answered

Percent of People with Each Score

Your Score History

You have not taken this quiz